Automative Engineering Vol-II (Record no. 17091)
[ view plain ]
| 000 -LEADER | |
|---|---|
| fixed length control field | 00397nam a2200169Ia 4500 |
| 003 - CONTROL NUMBER IDENTIFIER | |
| control field | OSt |
| 005 - DATE AND TIME OF LATEST TRANSACTION | |
| control field | 20240405143957.0 |
| 008 - FIXED-LENGTH DATA ELEMENTS--GENERAL INFORMATION | |
| fixed length control field | 170619s9999 xx 000 0 und d |
| 020 ## - INTERNATIONAL STANDARD BOOK NUMBER | |
| International Standard Book Number | 818630816 |
| 040 ## - CATALOGING SOURCE | |
| Transcribing agency | IIMT ENGINEERING COLLEGE |
| 100 ## - MAIN ENTRY--PERSONAL NAME | |
| Personal name | Singh Kirpal |
| 245 #0 - TITLE STATEMENT | |
| Title | Automative Engineering Vol-II |
| 260 ## - PUBLICATION, DISTRIBUTION, ETC. | |
| Name of publisher, distributor, etc. | New Delhi: S P W |
| 260 ## - PUBLICATION, DISTRIBUTION, ETC. | |
| Date of publication, distribution, etc. | 2003 |
| 546 ## - LANGUAGE NOTE | |
| Language note | ENGLISH |
| 942 ## - ADDED ENTRY ELEMENTS (KOHA) | |
| Source of classification or shelving scheme | |
| Koha item type | Book Bank |
| Withdrawn status | Lost status | Source of classification or shelving scheme | Damaged status | Not for loan | Home library | Current library | Date acquired | Source of acquisition | Total Checkouts | Barcode | Date last seen | Price effective from | Koha item type | Date last checked out |
|---|---|---|---|---|---|---|---|---|---|---|---|---|---|---|
| IIMT Engineering College-BTech | IIMT Engineering College-BTech | 06/21/2004 | 1 | 06-B-7429 | 07/03/2017 | 07/03/2017 | Text-Book- for 7 days | |||||||
| IIMT Engineering College-BTech | IIMT Engineering College-BTech | 06/21/2004 | 1 | 06-B-7430 | 07/03/2017 | 07/03/2017 | Text-Book- for 7 days | |||||||
| IIMT Engineering College-BTech | IIMT Engineering College-BTech | 06/21/2004 | 1 | 06-B-7431 | 07/03/2017 | 07/03/2017 | Text-Book- for 7 days | |||||||
| IIMT Engineering College-BTech | IIMT Engineering College-BTech | 06/21/2004 | 1 | 06-B-7432 | 07/03/2017 | 07/03/2017 | Text-Book- for 7 days | |||||||
| IIMT Engineering College-BTech | IIMT Engineering College-BTech | 06/21/2004 | 1 | 06-B-7433 | 07/03/2017 | 07/03/2017 | Text-Book- for 7 days | |||||||
| IIMT Engineering College-BTech | IIMT Engineering College-BTech | 06/21/2004 | 1 | 06-B-7434 | 07/03/2017 | 07/03/2017 | Text-Book- for 7 days | |||||||
| IIMT Engineering College-BTech | IIMT Engineering College-BTech | 06/21/2004 | 1 | 06-B-7435 | 07/03/2017 | 07/03/2017 | Text-Book- for 7 days | |||||||
| IIMT Engineering College-BTech | IIMT Engineering College-BTech | 06/21/2004 | 1 | 1 | 06-B-7436 | 11/29/2017 | 07/03/2017 | Text-Book- for 7 days | 11/23/2017 | |||||
| IIMT Engineering College-BTech | IIMT Engineering College-BTech | 06/21/2004 | 1 | 06-B-7437 | 07/03/2017 | 07/03/2017 | Text-Book- for 7 days | |||||||
| IIMT Engineering College-BTech | IIMT Engineering College-BTech | 06/21/2004 | 1 | 06-B-7438 | 07/03/2017 | 07/03/2017 | Text-Book- for 7 days |

